Sistema integral de evaluación de procesos y proyectos educativos del Distrito Federal.

Shranjeno v:
Bibliografske podrobnosti
Glavni avtor: Avila Díaz, Antonio (autor)
Format: Knjiga
Jezik:španščina
Serija:(Iniciativas para Mejorar la Educación Básica y Normal ; no. 2)
Teme:
Oznake: Označite
Brez oznak, prvi označite!

MARC

LEADER 00000nam^a2200000^u^4500
001 000512961
005 20250521000000.0
008 100608s1000^^^^^^^^^^^^r^^^^^000^0^spa^d
009 20260310130220.986
035 |a FCE 000057171 
037 |a Acervo ITESO - Biblioteca 
041 |a spa 
082 0 4 |a 370.72  |b I.M.E.B.N. 2 
100 |a Avila Díaz, Antonio  |e (autor) 
245 1 0 |a Sistema integral de evaluación de procesos y proyectos educativos del Distrito Federal. 
264 |a México :  |b SEP, Administración Federal de Servicios Educativos en el D.F. : OEI : AFSEDF,  |c 2006. 
300 |a 133 p. 
336 |a texto  |b txt  |2 rdacontenido 
337 |a sin mediación  |b n  |2 rdamedio 
338 |a volumen  |b nc  |2 rdasoporte 
440 1 |a (Iniciativas para Mejorar la Educación Básica y Normal ; no. 2) 
649 |a XX 
650 |a Evaluación del proyecto 
650 |a Proyecto de educación 
650 |a Sistema Integral de Evaluación de Procesos y Proyectos Educativos del Distrito Federal (SIEPPE) 
650 |a México 
650 |a Distrito Federal, México 
910 |a Fondo Centro de Estudios Educativos 
920 |a Impresos - Libros 
930 |a Fondos Especiales 
905 |a 133 
901 |a ALE048221  |b IT2  |c CEE  |u 20250521 
902 |a https://opac.biblio.iteso.mx/vufind/Record/000512961